Справочник по ремонту и настройке спутникового оборудования (Запись № 3104468)

Подробности
000 -МАРКЕР
контрольное поле 01260nam0a2200301 4500
001 - ИДЕНТИФИКАТОР ЗАПИСИ
контрольное поле RU\NLR\bibl\1915958
005 - ИДЕНТИФИКАТОР ВЕРСИИ
контрольное поле 20260406162901.0
010 ## - МЕЖДУНАРОДНЫЙ СТАНДАРТНЫЙ НОМЕР КНИГИ (ISBN)
Номер (ISBN) 978-5-94387-803-9
Тираж 2500
035 ## - ДРУГИЕ СИСТЕМНЫЕ НОМЕРА
Идентификатор записи (NLR Aleph) 001905450
100 ## - ДАННЫЕ ОБЩЕЙ ОБРАБОТКИ
Данные общей обработки 20100526d2010 |||y0rusy50 ca
101 0# - ЯЗЫК РЕСУРСА
Язык текста, звукозаписи и т.д. русский
102 ## - СТРАНА ПУБЛИКАЦИИ ИЛИ ПРОИЗВОДСТВА
Страна публикации Российская Федерация
105 ## - ПОЛЕ КОДИРОВАННЫХ ДАННЫХ: ТЕКСТОВЫЕ МАТЕРИАЛЫ, МОНОГРАФИЧЕСКИЕ
Кодированные данные о монографическом текстовом документе y |||||||||
200 1# - ЗАГЛАВИЕ И СВЕДЕНИЯ ОБ ОТВЕТСТВЕННОСТИ
Основное заглавие Справочник по ремонту и настройке спутникового оборудования
Первые сведения об ответственности С.Л. Корякин-Черняк
210 ## - ПУБЛИКАЦИЯ, РАСПРОСТРАНЕНИЕ И ДР.
Место издания, распространения и т.д. Санкт-Петербург
Имя издателя, распространителя и т. д. Наука и Техника
Дата издания, распространения и т.д. 2010
215 ## - ФИЗИЧЕСКАЯ ХАРАКТЕРИСТИКА
Специфическое обозначение материала и объем 239 с.
Другие сведения о физической характеристике ил.
Размеры 21
Сопроводительный материал 1 электрон. опт. диск (CD-ROM)
225 1# - СЕРИЯ
Основное заглавие серии Серия "Справочник"
606 1# - НАИМЕНОВАНИЕ ТЕМЫ КАК ПРЕДМЕТ
Наименование темы Спутниковое телевидение
Формальный подзаголовок Справочники
Системный номер авторитетной/нормативной записи 2109529
Идентификатор авторитетной/нормативной записи RU\NLR\auth\661275032
606 1# - НАИМЕНОВАНИЕ ТЕМЫ КАК ПРЕДМЕТ
Наименование темы Спутниковая радиосвязь
Формальный подзаголовок Справочники
Системный номер авторитетной/нормативной записи 2148709
Идентификатор авторитетной/нормативной записи RU\NLR\auth\661294255
686 ## - ИНДЕКСЫ ДРУГИХ КЛАССИФИКАЦИЙ
Индекс З947я2
686 ## - ИНДЕКСЫ ДРУГИХ КЛАССИФИКАЦИЙ
Индекс З884.17я2
700 #1 - ИМЯ ЛИЦА - ПЕРВИЧНАЯ ОТВЕТСТВЕННОСТЬ
Код отношения Автор
Материалы, к которым относится поле rus
Графика поля Кириллица
Начальный элемент ввода Корякин-Черняк
Часть имени, кроме начального элемента ввода С. Л.
Расширение инициалов личного имени Сергей Леонидович
Идентификатор авторитетной/нормативной записи RU\NLR\auth\779704
Системный номер авторитетной/нормативной записи 119516
801 #0 - ИСТОЧНИК ЗАПИСИ
Страна Российская Федерация
Организация NLR
Дата составления 20100526
Правила каталогизации RCR
801 #1 - ИСТОЧНИК ЗАПИСИ
Страна Российская Федерация
Организация NLR
Дата составления 20100526
942 ## - ДОПОЛНИТЕЛЬНЫЕ ЭЛЕМЕНТЫ ЗАПИСИ (АБИС)
Тип экземпляра АБИС Книга
980 ## - КОЛЛЕКЦИЯ
Название коллекции Национальная библиография
Экземпляры
Тип экземпляра Дата поступления Источник поступления Стоимость Библиотека постоянного хранения Библиотека текущего хранения Место хранения Шифр хранения Штрих-код Статус экземпляра
Книга 20.06.2012 Покупка 171.00 РНБ (Московский) РНБ (Московский) Русский книжный фонд: издания с 1957 года 2012-3/18800 3676520  
Книга 11.04.2013 Покупка 216.00 РНБ (Московский) РНБ (Московский) Фонд общего зала литературы по технике Т1 З94/С-741 1-363753  
Книга 11.04.2013 Покупка 216.00 РНБ (Московский) РНБ (Московский) Русский книжный фонд: издания с 1957 года 2012-3/18800 3865799